| 000 -LEADER | |
|---|---|
| fixed length control field | 00403nam a22001697a 4500 |
| 005 - DATE AND TIME OF LATEST TRANSACTION | |
| control field | 20160627093620.0 |
| 008 - FIXED-LENGTH DATA ELEMENTS--GENERAL INFORMATION | |
| fixed length control field | 160627b xxu||||| |||| 00| 0 eng d |
| 020 ## - INTERNATIONAL STANDARD BOOK NUMBER | |
| ISBN | 9814-12-678-0 |
| 041 ## - LANGUAGE CODE | |
| Language code of text/sound track or separate title | eng |
| 082 ## - DEWEY DECIMAL CLASSIFICATION NUMBER | |
| Item number | 10335 |
| 100 ## - MAIN ENTRY--AUTHOR NAME | |
| Personal name | Futzgerald & Dennis |
| 245 ## - TITLE STATEMENT | |
| Title | Business Data, Communications and Networking |
| 260 ## - PUBLICATION, DISTRIBUTION, ETC. (IMPRINT) | |
| Name of publisher | Wiley |
| 300 ## - PHYSICAL DESCRIPTION | |
| Number of Pages | 386 |
| 650 ## - SUBJECT ADDED ENTRY--TOPICAL TERM | |
| Topical Term | Management |
| 942 ## - ADDED ENTRY ELEMENTS (KOHA) | |
| Koha item type | Books |
| Lost status | Damaged status | Collection code | Home library | Current library | Shelving location | Date acquired | Source of acquisition | Full call number | Accession Number | Koha item type |
|---|---|---|---|---|---|---|---|---|---|---|
| CS/IT | JRU Library | JRU Library | SHELF-49-H | 27/06/2016 | PURCHASE | 658.4038 | 10335 | Books |